| 000 | 00343nam a2200145Ia 4500 | ||
|---|---|---|---|
| 008 | 230917s9999||||xx |||||||||||||| ||und|| | ||
| 020 | _cRS2.25 | ||
| 040 |
_e47160 _aMAIN |
||
| 041 | _aEnglish | ||
| 082 | _a822.33 S15J | ||
| 100 | _aShakespeare, William | ||
| 245 | 0 | _aJulius caesar | |
| 260 |
_aOxford _bClarendon Press _c1961 |
||
| 942 | _cBK | ||
| 999 |
_c45856 _d45856 |
||